The Real History of International Women's Day and March 8/ (Record no. 186585)

MARC details
000 -LEADER
fixed length control field 00556nam a22001817a 4500
005 - DATE AND TIME OF LATEST TRANSACTION
control field 20220309124811.0
010 ## - LCCN (DPL NO)
LC control number ENG-131919
020 ## - INTERNATIONAL STANDARD BOOK NUMBER
Terms of availability 130.00
035 ## - SYSTEM CONTROL NUMBER
System control number EN-115451
037 ## - SOURCE OF ACQUISITION
Source of stock number/acquisition DBAD/PUB
082 ## - DEWEY DECIMAL CLASSIFICATION NUMBER
Classification number 305.42
100 ## - MAIN ENTRY--PERSONAL NAME
Personal name Jawahar, R.
245 ## - TITLE STATEMENT
Title The Real History of International Women's Day and March 8/
Statement of responsibility, etc R. Jawahar
260 ## - PUBLICATION, DISTRIBUTION, ETC. (IMPRINT)
Place of publication, distribution, etc Chennai
Name of publisher, distributor, etc Indian Universities Press
Date of publication, distribution, etc 2017
270 ## - ADDRESS
Address 7, Elango Salai, Teynampet
City Chennai
Postal code 600018
Electronic mail address thamizhbooks@gmail.com
300 ## - PHYSICAL DESCRIPTION
Extent 88p.
Dimensions 22cm(pbk)
942 ## - ADDED ENTRY ELEMENTS (KOHA)
Source of classification or shelving scheme Dewey Decimal Classification
Item type English Books
Classification part 305.42
Call number suffix JAW
Holdings
Withdrawn status Lost status Not for loan Collection code Home library Current library Date acquired Source of acquisition Cost, normal purchase price Full call number Barcode Copy number Cost, replacement price Koha item type
      Non-fiction Central Library Central Library 09/03/2022 DBAD/PUB 100.00 305.42 JAW EN-115451 1 100.00 English Books

© Delhi Public Library
Hit Counter
free hit counter